• 首页
  • 本馆介绍
  • 公告通知
  • 最新文献
  • 馆藏检索
  • 电子资源
  • 读者导购
  • 参考咨询
  • 我的图书馆
  • 登录
  • 详细信息显示
  • 放入我的书架
  • 预约/预借图书
  • 作者相关作品
  • 分类相关作品
  • 丛书相关作品
  • 出版社相关作品

书目信息

  • 表格格式
  • 工作单格式
  • 卡片格式
题名:
铣削刀具技术及应用实例
    
 
作者: 倪为国 , 潘延华 编
分册:  
出版信息: 北京   化学工业出版社  2006
页数: 342页
开本: 21cm
丛书名:
单 册:
中图分类: TG714
科图分类:
主题词: 铣刀--技术 , 铣刀
电子资源:
ISBN: 978-7-5025-9237-0
000 00812nam0 2200253 45
001 1050857140
005 20100420094620.45
010    @a978-7-5025-9237-0@dCNY24.00
100    @a20100409e20082006em y0chiy0110 ea
101 0  @achi
102    @aCN@b110000
105    @ay z 000yy
106    @ar
200 1  @a铣削刀具技术及应用实例@AXi Xiao Dao Ju Ji Shu Ji Ying Yong Shi Li@f倪为国,潘延华编@FNi Wei Guo, Pan Yan Hua Bian
210    @a北京@c化学工业出版社@d2006@h2008
215    @a342页@d21cm
330    @a本书由浅入深、循序渐进地讲述了铣削刀具的基本工艺原理和有关刀具的加工方法。全书共7章。
606 0  @a铣刀@x技术
606 0  @a铣刀
690    @aTG714@v4
701  0 @a倪为国@ANi Wei Guo@4编
701  0 @a潘延华@APan Yan Hua@4编
801  0 @aCN@bTANGWEI@c20100420
905    @b0591147-51@dTG714@e12@f5
    
    铣削刀具技术及应用实例/倪为国,潘延华编.-北京:化学工业出版社,2006(2008)
    342页;21cm
    
    
    ISBN 978-7-5025-9237-0:CNY24.00
    本书由浅入深、循序渐进地讲述了铣削刀具的基本工艺原理和有关刀具的加工方法。全书共7章。
●
相关链接 在E读中查询图书 在五车中查询图书 在当当中查询图书 在豆瓣中查询图书


正题名:铣削刀具技术及应用实例     索取号:TG714/12         预约/预借

序号 登录号 条形码 馆藏地/架位号 状态 备注
1 0591147   205911478   第二样本阅览室/ [索取号:TG714/12] 在馆    
2 0591148   205911487   密集书库-物理学院/ [索取号:TG714/12] 在馆    
3 0591149   205911496   第三借阅区/ [索取号:TG714/12] 在馆    
4 0591150   205911502   第三借阅区/ [索取号:TG714/12] 在馆    
5 0591151   205911511   第三借阅区/ [索取号:TG714/12] 在馆    
唐山师范学院图书馆 欢迎您!
大连网信软件有限公司© 版权所有